| 000 | 00000nam##2200000za#4500 |
| 001 | 9.625463 |
| 003 | CaOODSP |
| 005 | 20210125140402 |
| 007 | ta |
| 008 | 150406|2000||||xxc||||| f|0| 0 fre|d |
| 020 | |a0-662-85186-2 |
| 040 | |aCaOODSP|bfre |
| 043 | |an-cn--- |
| 086 | 1 |aCC173-3/1-119F |
| 110 | 2 |aCommission canadienne de sûreté nucléaire. |
| 245 | 10|aPolitique sur les facteurs humains |
| 260 | |aOttawa - Ontario : |bCommission canadienne de sûreté nucléaire |c2000. |
| 300 | |a2p. ; |c28 cm. |
| 490 | 1 |aPolitique d'application de la réglementation |vP-119(F) |
| 500 | |a«La présente politique d'application de la réglementation a pour objectif d'assurer que la Commission canadienne de sûreté nucléaire (CCSN) tient compte des facteurs humains dans ses activités de réglementation.»--Objectif. |
| 520 | 3 |aLa présente politique d'application de la réglementation a pour objectif d'assurer que la Commission canadienne de sûreté nucléaire (CCSN) tient compte des facteurs humains dans ses activités de réglementation.--Objectif |
| 563 | |aCouverture souple |
| 590 | |a00-45|b2000-11-10 |
| 691 | 07|aÉnergie nucléaire|2gcpds |
| 691 | 07|aRéglementation en matière de sécurité|2gcpds |
| 776 | 0#|tPolitique sur les facteurs humains |w(CaOODSP)9.601999 |
| 830 | #0|aPolitique d'application de la réglementation ;|vP-119(F)|w(CaOODSP)9.512864 |